00403cam a22001095i 450000500170000002000180001708200220003524501210005726000550017830000190023370000410025220250728115052.0 a9789354425721 a363.700 954 SAT/E00aEnvironmental politics at the local :bnatural resource governance in India /cedited by Satyajit Singh, Ajit Menon. a. - Hyderabadb: Orient Blacksman Pvt Ltd.c, 2024 axii, 356 pages a Satyajit Singh, Ajit Menon. Editors